Biblioteca

Para analisis argumental del escrito (Registro nro. 62727)

Detalles MARC
000 -LÍDER
Campo fijo de descripción fija 003700000a22001090004500
245 10 - TÍTULO
Título del Material Para analisis argumental del escrito
300 ## - DESCRIPCIÓN FÍSICA
Extensión Núm.1 (Enero-Marzo, 1981), Página 29
500 ## - NOTA GENERAL
Nota General I. Identificación de elementos II. Del andamiaje argumentativo III. El argumento IV. Síntesis crítica
650 14 - ASIENTO SECUNDARIO DE MATERIA - TERMINO TEMÁTICO
Término temático o nombre geográfico como elemento de entrada HERMENÉUTICA
773 0# - HOST ITEM ENTRY
Title Boletín Teológico
942 ## - TIPO DE MATERIAL (KOHA)
Tipo de Item KOHA Artículos de Revista
Existencias
Estado de Material Estado de Perdido Estado de Dañado No para Préstamo Colección Biblioteca de Origen Biblioteca Permanente Fecha de Adquisición Total de Préstamos Signatura Topográfica Última vez visto Fecha de Remplazo Tipo de Material
        Colección de Hemeroteca Biblioteca FUSBC Biblioteca FUSBC 26/01/2016   26/01/2016 26/01/2016 Artículos de Revista

Biblioteca FUSBC | Teléfono: (57+4) 349 88 10 Ext. 141| WhatsApp (+57) 3005338115 
E-mail: biblioteca@unisbc.edu.co | Calle 76 87-14 Robledo Palenque, Medellín, Colombia

Con tecnología Koha